Las sombras de la mente: hacia una comprensión científica de la consciencia

Sparad:
Bibliografiska uppgifter
Huvudupphovsman: Penrose, Roger (Författare, medförfattare)
Materialtyp: Bok
Språk:spanska
Publicerad: Barcelona Crítica 1996
Ämnen:
Taggar: Lägg till en tagg
Inga taggar, Lägg till första taggen!

MARC

LEADER 00000nam a2200000 a 4500
001 UCI3718
003 CL-VaPUC
008 071123e19960000SP |||||||||||||||||spa|d
020 |a 9788484329343 
082 0 4 |a 006.3  |b PEN  |2 21 
100 0 |a Penrose, Roger  |e author  |9 525221 
245 1 4 |a Las sombras de la mente: hacia una comprensión científica de la consciencia 
300 |a 480 p 
942 |c BK 
945 |d 20071123 00:00:00  |a jtorresc 
260 |a Barcelona  |b Crítica  |c 1996 
650 7 |a INTELIGENCIA ARTIFICIAL  |2 CL-VaPUC  |9 525222 
650 0 |a Teoría cuántica  |9 266148 
650 7 |a TEOREMA DE GODEL  |2 CL-VaPUC  |9 270664 
583 |a last modification  |c 20071123 00:00:00  |k Rodrigo Vera 
999 |c 327836  |d 327834 
952 |0 0  |1 0  |4 0  |6 006_300000000000000_PEN_1996  |7 0  |8 A  |9 411308  |a FDOPOS  |b FDOPOS  |d 2019-11-22  |i 4390180  |o 006.3 PEN 1996  |p 4390180  |r 2025-01-22  |w 2019-11-22  |y BK  |k MLA 
952 |0 0  |1 0  |4 0  |6 006_300000000000000_PEN_1996  |7 0  |8 A  |9 411309  |a FDOPOS  |b FDOPOS  |d 2019-11-22  |i 4390199  |o 006.3 PEN 1996  |p 4390199  |r 2025-01-22  |w 2019-11-22  |y BK  |k MLA 
952 |0 0  |1 0  |4 0  |6 006_300000000000000_PEN_1996  |7 0  |8 A  |9 411310  |a BIBEDU  |b BIBEDU  |d 2019-11-22  |i 4690990  |o 006.3 PEN 1996  |p 4690990  |r 2019-11-22  |w 2019-11-22  |y BK  |k PSI